| 000 | 01464nam a2200241Ia 4500 | ||
|---|---|---|---|
| 003 | Ost | ||
| 005 | 20260507075201.0 | ||
| 008 | 260507s9999||||xx |||||||||||||| ||und|| | ||
| 020 | _a81757099579 | ||
| 040 | _cfsecg | ||
| 041 | _aara | ||
| 082 | _a330 | ||
| 100 |
_aمبارك، مجدي عوض _eمؤلف |
||
| 245 | 0 |
_aالريادة في الأعمال : _bالمفاهيم و النماذج و المداخل العلمية / _c مجدي عوض مبارك |
|
| 260 |
_aاربد: _bعالم الكتب الحديث, _c2009 |
||
| 300 |
_a391 صفحة؛ _c24 سم |
||
| 504 | _aمراجع ص.369 ؛ الجداو ل ص.م ؛ الاشكال ص.ن | ||
| 520 | _aنشأة الريادة و تطورها : المفاهيم و التعريفات ، المداخل العلمية لدراسة ظاهرة الريادة ، منهجية البحث العلمي في الريادة ، العملية الريادية ، إشكالية الريادة و نماذجها المختلفة في الحدث الريادي، المنظمات الريادية ، الريادة المؤسسية ، الريادة الدولية ، تجارب عالمية في الريادة ، تنمية و تطوير الريادة في بيئة الأعمال الأردنية : افتراضات و تصورات مقترحة للمستقبل . | ||
| 653 | _aإدارة الأعمال | ||
| 653 | _aالإبتكارات | ||
| 653 | _aالذكاء- الإداري | ||
| 942 | _cكتاب | ||
| 999 |
_c43400 _d43400 |
||